000 00474 a2200181 4500
001 110012
020 _a9788525051233
041 _apor
090 _aP Year 2 028
100 _aGomes, Alexandre de Castro.
250 _a1. ed.
697 _aLiteratura infantojuvenil.
856 _u000001/00000192.jpg
040 _aBR-BrIDEA
_cBR-BrIDEA
245 1 0 _aO menino que coleciona guarda-chuvas
_c Alexandre de Castro Gomes
260 _a[S.l.]
_bGlobo
_c2012
942 _cBK
999 _c110012
_d110012